[Event "Mlada Boleslav Region-ch"]
[Site "Mlada Boleslav"]
[Date "2015.06.20"]
[Round "3"]
[White "Mezera, Matej"]
[Black "Novotny, Martin"]
[Result "1-0"]
[WhiteElo "1607"]
[BlackElo "1501"]
[PlyCount "97"]
[EventDate "2015.06.20"]
[EventType "swiss"]
[EventRounds "7"]
[EventCountry "CZE"]
[SourceTitle "EXT 2017"]
[Source "ChessBase"]
[SourceDate "2016.10.25"]
[SourceVersion "1"]
[SourceVersionDate "2016.10.25"]
[SourceQuality "1"]

1. e4 d6 2. d4 Nf6 3. Nc3 g6 4. Be3 Bg7 5. Be2 0-0 6. f4 Nbd7 7. Nf3 e5 8. 0-0 Re8 9. fxe5 dxe5 10. dxe5 Ng4 11. Bg5 f6 12. exf6 Bxf6 13. Bxf6 Ndxf6 14. Qxd8 Rxd8 15. Bc4+ Kg7 16. Rae1 Re8 17. e5 Nd7 18. e6 Nc5 19. Ng5 h6 20. Rf7+ Kg8 21. e7 Bd7 22. Rf5+ Ne6 23. Bxe6+ Bxe6 24. Nxe6 gxf5 25. Nxc7 Rac8 26. Nxe8 Rxe8 27. Nb5 Nf6 28. Nd6 Kg7 29. Nxf5+ Kh7 30. Nd6 Rg8 31. e8Q Nxe8 32. Rxe8 Rg6 33. Re7+ Kg8 34. Nxb7 Rb6 35. b3 Ra6 36. a4 Rc6 37. Re2 Rc7 38. Nd6 Rd7 39. Nf5 h5 40. Re8+ Kf7 41. Re7+ Rxe7 42. Nxe7 Kxe7 43. b4 Kd6 44. c4 Ke5 45. Kf2 Kd4 46. c5 Kd5 47. Kg3 Kc6 48. Kh4 Kd5 49. Kxh5 1-0